000 00307nam a22001457a 4500
003 SGT
020 _a9789332574519
082 _a370,BES
100 _aBEST JOHAN W .
245 _aRESEARCH IN EDUCATION
260 _aNEW DELHI
_bPEARSON
_c2012
300 _a488
650 _aEDUCATION
942 _2ddc
_cBK
999 _c26822
_d26822